| 000 | 00481 a2200157 4500 | ||
|---|---|---|---|
| 999 |
_c26582 _d26582 |
||
| 008 | 230617b ||||| |||| 00| 0 eng d | ||
| 020 |
_a9789380644943 _cRs.259.00 |
||
| 082 | 0 | 0 |
_a421.55 _bB1718 |
| 100 | _aBalasubramanian, T. | ||
| 245 |
_aEnglish Phonetics for Indian Students / _cT. Balasubramanian |
||
| 250 | _a3rd ed. | ||
| 260 |
_aNew Delhi: _bLaxmi Publications Pvt. Ltd. _c2022. |
||
| 300 |
_av, 242 p. : _bill. ; _c22 cm. |
||
| 650 | 0 | _aEnglish Phonetics | |
| 942 |
_2ddc _cBK |
||